000 00647nam a2200241Ia 4500
005 20260121112540.0
008 6884 260114s9999 xx 000 0 eng d
020 _a9789814273770
037 _aEBOOK
040 _aCRL
_beng
_cCRL
041 _aeng
_2eng
084 _qCRL
100 _aLim Tai Wei
_9959391
245 0 _aOil in China: from Self-Reliance to Internationalization
260 _bWorld Scientific
260 _bWSPC
260 _c2009
650 _aAsian Studies
_9959392
856 _uhttps://www.worldscientific.com/worldscibooks/10.1142/7315#t=toc
942 _cEBOOK
999 _c1544184
_d1544184